Definitions of Set - Sudden Death - Statistics

General Stats
  • This quiz has been taken 14 times
  • The average score is 2 of 10
Answers on the Grid
Answers color-coded by a green-red scale on the quiz's grid according to % correct below.
put, lay, or stand (something) in a specified place or position.
adjust (a clock or watch), typically to show the right time.
(of blossom or a tree) develop into or produce (fruit).
a group or collection of things that belong together or resemble one another or are usually found together.
a radio or television receiver.
the last coat of plaster on a wall.
an arrangement of the hair when damp so that it dries in the required style.
(of a tide or current) take or have a specified direction or course.
harden into a solid or semisolid state.
establish (a record).
to adjust the bristles of a brush into proper alignment before use.
to limit or confine within a particular boundary or measure.
a period of calm weather following a storm.
a shallow recess in a wall prepared for the placement of a plaque or ornament.
a habit or manner of behaving that becomes characteristic of a person.
(of a group of people) to eventually quiet down.
(of a computer program) to be in a finalized state.
A stretch of time devoted to a single task or activity.
A single continuous course of stone laid in a wall.
To adjust the tone or mood of an occasion.
 
Answer Stats
Answer % Correct
adjust (a clock or watch), typically to show the right time.
50%
a radio or television receiver.
50%
a group or collection of things that belong together or resemble one another or are usually found together.
25%
establish (a record).
25%
put, lay, or stand (something) in a specified place or position.
25%
harden into a solid or semisolid state.
13%
an arrangement of the hair when damp so that it dries in the required style.
0%
(of a tide or current) take or have a specified direction or course.
0%
(of blossom or a tree) develop into or produce (fruit).
0%
the last coat of plaster on a wall.
0%
No matching quizzes found
Score Distribution
Percent of People with Each Score
Percentile by Number Answered
Your Score History
You have not taken this quiz